Atom, man and the universe (Record no. 4783)

MARC details
000 -LEADER
fixed length control field 00514nam a2200181Ia 4500
003 - CONTROL NUMBER IDENTIFIER
control field IN-BaIIA
008 - FIXED-LENGTH DATA ELEMENTS--GENERAL INFORMATION
fixed length control field 211028s9999 xx 000 0 eng d
040 ## - CATALOGING SOURCE
Transcribing agency IIA Library
080 ## - UNIVERSAL DECIMAL CLASSIFICATION NUMBER
Universal Decimal Classification number 50
Item number ALF
100 ## - MAIN ENTRY--PERSONAL NAME
Personal name Alfven, Hannes
9 (RLIN) 4462
245 #0 - TITLE STATEMENT
Title Atom, man and the universe
Remainder of title the long chain of complications
Statement of responsibility, etc. Hannes Alfven
260 ## - PUBLICATION, DISTRIBUTION, ETC.
Place of publication, distribution, etc. San Francisco
Name of publisher, distributor, etc. W. H. Freeman
Date of publication, distribution, etc. 1969
300 ## - PHYSICAL DESCRIPTION
Extent 110p.
650 ## - SUBJECT ADDED ENTRY--TOPICAL TERM
Topical term or geographic name entry element  General science
9 (RLIN) 8505
650 ## - SUBJECT ADDED ENTRY--TOPICAL TERM
Topical term or geographic name entry element  Science-General 
9 (RLIN) 8506
650 ## - SUBJECT ADDED ENTRY--TOPICAL TERM
Topical term or geographic name entry element NASA Thesaurus 
942 ## - ADDED ENTRY ELEMENTS (KOHA)
Koha item type Books
Holdings
Withdrawn status Lost status Damaged status Not for loan Home library Current library Shelving location Date acquired Total Checkouts Full call number Barcode Date last seen Price effective from Koha item type
        IIA Library-Bangalore IIA Library-Bangalore General Stacks 04/11/1975   50/ ALF 5349 05/11/2021 04/11/1975 Books

Powered by Koha